000 01422cad a22002055a 4500
001 L154139
008 111018e2011 xxk 000 0 eng d
035 _a(Sirsi) u154139
041 0 _aeng
110 2 _aGreat Britain
_bHealth and Safety Executive
245 0 0 _aProposals on revised control of asbestos regulations
_h[electronic resource]
260 _aBootle
_bHSE
_c2011
520 _aThis consultation sets out HSE's proposals to introduce revised Control of Asbestos Regulations to implement the changes required to comply with the European Commission's reasoned opinion on the UK Government's transposition of Directive 83/477/EEC as amended by 2003/18/EC on the protection of workers from the risks of exposure to asbestos at work. The reasoned opinion confirms the European Commission's view that the UK has not fully implemented Article 3(3) of the Directive which provides for the exemption of some types of lower risk work with asbestos from three requirements of the Directive: notification of work; medical examinations; and record keeping. Responses should be sent by 4 November 2011.
590 _aKA NTK
651 4 _aGreat Britain
_y1707-
690 _aMANAGEMENT-HEALTH AND SAFETY-HAZARDOUS SUBSTANCES-ASBESTOS
690 _aBUILT ENVIRONMENT-BUILDING STANDARDS
856 4 8 _uhttps://www.hse.gov.uk/consult/condocs/cd237.htm
_zView the consultation free of charge at www.hse.gov.uk
942 _n0
999 _c112859
_d112859